000
00375nam a2200145Ia 4500
008
231129s2009||||xx |||||||||||||| ||spa||
020
_a
84-9892-219-4
040
_b
spa
082
_a
330.122 H684e
100
_a
Hobsbawm Eric
245
0
_a
La era del capital 1848-1875
260
_c
2009
264
_a
Crítica
942
_2
ddc
_c
BKS
999
_c
16993
_d
16993